000 00428cam a22001217a 4500
008 180718b1966 xxu||||| |||| 00| 0 eng d
082 _aA81x54 In2/61/16/Pt2C/3
100 _aCensus of India 1961
245 _aWest Bengal and Sikkim: migration tables (D-IV to D-VI)
260 _aDelhi
_bThe Manager of Publications
_c1966
300 _a515+p.
440 _aCensus of India 1961. Volume XVI, West Bengal and Sikkim. Part II-C (iii)
999 _c484610
_d484610